Handball - Equipe de France : Euro 2024 - Statistiques

Statistiques générales
  • Ce quiz a été pris 2 397 fois
  • Le résultat moyen est 16 sur 23
Statistiques - réponses
Poste Joueur Club % Correct
Pivot Luka Karabatic Paris Saint-Germain
91%
Arrière Gauche Nikola Karabatic Paris Saint-Germain
91%
Arrière Droit Dika Mem FC Barcelone
87%
Arrière Gauche Élohim Prandi Paris Saint-Germain
86%
Pivot Ludovic Fabregas Veszprem
82%
Gardien Rémi Desbonnet Montpellier
79%
Demi-centre Nedim Remili Veszprem
78%
Pivot Nicolas Tournat Kielce
77%
Ailier Gauche Hugo Descat Veszprem
76%
Gardien Vincent Gérard Kiel
73%
Demi-centre Aymeric Minne Nantes
72%
Ailier Droit Yanis Lenne Montpellier
72%
Ailier Gauche Dylan Nahi Kielce
71%
Arrière Droit Melvyn Richardson FC Barcelone
68%
Ailier Droit Valentin Porte Montpellier
67%
Gardien Charles Bolzinger Montpellier
66%
Demi-centre Kentin Mahé Veszprem
66%
Arrière Gauche Thibaud Briet Nantes
66%
Gardien Samir Bellahcene Kiel
58%
Pivot Karl Konan Montpellier
54%
Ailier Gauche Mathieu Grébille Paris Saint-Germain
54%
Ailier Droit Benoît Kounkoud Kielce
53%
Arrière Gauche Timothey N'Guessan FC Barcelone
51%
Aucun quiz correspondant
Distribution des résultats
% des personnes avec chaque résultat
Percentile par nombre de réponses
Votre historique - résultats
Vous n’avez pas pris ce quiz